000 00675nam a2200229Ia 4500
005 20260429111954.0
008 260429s9999||||xx |||||||||||||| ||und||
020 _a9783161639036
041 _aEnglish
082 _a346.24
_bCAS
100 _aCasarosa, Federica
245 0 _aEnforcing private regulation in the platform economy /
_cFederica Casarosa
260 _aGermany :
_bMohr Siebeck,
_c2025.
300 _axv, 324 p.; pbk
440 _aStudies on Foreign and International Private Law (StudIPR); 542
650 _a Europe
650 _a Private law
650 _a Regional organizations
650 _aLaw
700 _a Grochowski, Mateusz
942 _cTB
999 _c51689
_d51689